00257nam a2200097Ia 4500008004100000100001900041245004800060260002700108300000800135650001600143191201s2008 xx 000 0 und d aJALOTE, Pankaj 0aIntegrated Approach to Software Engineering aN. DelhibNarosac2008 a495 aB.Tech(CSE)